1078 1830 1159 1302 1182 1256 1255 1954 1605 1488 1511 1411 1930 1897 1689 1211 1004 1958 1518 1593 1922 1917 1691 1888 1890 1401 1455 1765 1385 1785 1210 1841 1036 1380 1058 1256 1822 1156 1041 1808 1419 1333 1021 1257 1759 1479 1037 1184 1118 1629 1536 1155 1056 1870 1355 1030 1887 1648 1461 1314 1948 1188 1112 1058 1937 1407 1572 1831 1874 1727 1378 1002 1121 1172 1556 1802 1279 1488 1363 1623 1233 1773 1591 1433 1303 1693 1918 1946 1346 1621 1605 1405 1413 1275 1439 1075 1927 1478 1450 BCNSPRNW ULIB Ver.6.0+V

เปลี่ยนเป็นภาษาไทย

Change to English
 แสดงรายละเอียดบรรณานุกรม
  กลับหน้าหลัก

Brief Record : Get Marc (ISO 2709) : E-mail record : QR code < ปิดหน้าต่าง
LEADER : 00000nam 2200000uu 4500
001    13399120549
003     ULIB
008    120927s2546||||th 000 0 tha d
020    ^a9749593553
060  4 ^aWX153^bน779 2546
110 1  ^aสถาบันพัฒนาและรับรองคุณภาพโรงพยาบาล
245 00 ^aBest Practices in Patient Safety/^cสถาบันพัฒนาและรับรองคุณภาพโรงพยาบาล
250    ^aพิมพ์ครั้งที่ 1
260    ^aกรุงเทพฯ:^bสถาบันพัฒนาและรับรองคุณภาพโรงพยาบาล,^c2546
300    ^a294
650  7 ^aบริการทางการแพทย์
650  7 ^aโรงพยาบาล^xการบริหาร
945    ^p295^l0^i13878
995    ^aวิภา
999 ^a ใช้งานได้ทุกระบบ
รายการนี้ยังไม่มีแท็ก
คุณยังไม่ได้ล็อกอิน คุณสามารถมีกิจกรรมร่วมกับเว็บไซต์ได้ แต่ต้องล็อกอินก่อน ::
  ล็อกอิน

รายการสื่อสารสนเทศ

ลำดับที่ ประเภท เลขเรียก/บาร์โค้ด สถานที่ สถานะ
1. วิทยาศาสตร์การแพทย์ และสุขภาพ
วิทยาศาสตร์การแพทย์ และสุขภาพ
WX153 น779 2546  
  Barcode: 13878
ห้องสมุดวิทยาเขตสวรรค์ประชารักษ์
►หนังสือทั่วไป
บนชั้น

รายการใกล้เคียง
    หัวเรื่อง [บริการทางการแพทย์]

BibComment


ยังไม่เคยถูกคอมเมนท์

คอมเมนท์ทรัพยากรรายการนี้
  คอมเมนท์: Best Practices i..


 Copyright 2026. Bcnsprnw @Library